000 00327nam a22001457a 4500
008 210507b ||||| |||| 00| 0 eng d
020 _a0672233851
041 _aeng
080 _a621
082 _a621
100 _a26
101 _aMEK
245 _aPlumbers and Pipe Fitters Library
_cCharles McConnell
942 _2udc
_cBK
999 _c57113
_d57113